Statistiken für Sächsische Städte / Dörfer Quiz

Klicken Sie hier um das Quiz zu spielen!

Allgemein

  • Dieses Quiz wurde 38 mal gespielt
  • Das Durchschnittsergebnis liegt bei 11 aus 32

Antwortstatistiken

Antwort% Korrekt
Dresden
100%
Leipzig
97%
Chemnitz
94%
Zwickau
82%
Bautzen
68%
Aue
62%
Meißen
62%
Görlitz
59%
Plauen
56%
Freiberg
47%
Moritzburg
47%
Pirna
41%
Zittau
35%
Hoyerswerda
32%
Torgau
32%
Annaberg Buchholz
24%
Döbeln
24%
Seiffen
21%
Glauchau
15%
Mittweida
15%
Schwarzenberg
15%
Augustusburg
12%
Marienberg
12%
Zschopau
12%
Bad Muskau
9%
Schneeberg
9%
Stollberg
9%
Oybin
6%
Scharfenstein
6%
Bad Lausick
3%
Borna
3%
Hohenstein Ernstthal
3%

Verteilung der Resultate

Perzentil nach korrekt beantworteten Fragen

Anzahl Personen mit jedem Resultat

Ihre Resultats-Entwicklung

Sie haben dieses Quiz noch nicht gespielt